000 00729nam a22002417i 4500
999 _c22875
_d22875
003 AR-CdUCM
008 240508b20182018 cl||||| |||| 00| 0 spa d
020 _a9778-956-9213-11-3
040 _aMUNICIPALIDAD PROVINCIAL DEL CUSCO
_cBIBLIOTECA MUNICIPAL DEL CUSCO
082 _a869.34 / A66F
_bA66F
100 _aAravena Zúñiga, Cecilia.
_949740
245 _aFragmentos de Chile /
260 _aChile :
_bEspora Ediciones,
_c2018
300 _a133 páginas. :
_c21 cm.
650 _aPastora
_949741
650 _aEl garzón
_949742
650 _aEspera en el terminal
_949743
650 _aLa celda
_949744
650 _aLa población
_949745
856 _fwww.espora.cl
942 _2ddc
_cLIBROS
945 _apbj
_d2024-05-08